The personnel management priorities in a modern organization; Энергия молодых - экономике России; Ч. 2

Bibliographische Detailangaben
Parent link:Энергия молодых - экономике России: труды V Всероссийской научно-практической конференции студентов и молодых ученых, посвященной столетию экономического образования в Томском политехническом университете, Томск, 20-24 апреля 2004 г./ Томский политехнический университет; Вольное экономическое общество России; Энергия молодых - экономике России. Всероссийская научно-практическая конференция студентов и молодых ученых.— , 2004-
Ч. 2.— 2004.— С. 310-312
1. Verfasser: Gorina O.
Weitere Verfasser: Gerasimenko L.
Sprache:Englisch
Veröffentlicht: 2004
Schlagworte:
Format: MixedMaterials Buchkapitel
KOHA link:https://koha.lib.tpu.ru/cgi-bin/koha/opac-detail.pl?biblionumber=225188

MARC

LEADER 00000naa2a2200000 4500
001 225188
005 20231031200853.0
035 |a (RuTPU)RU\TPU\book\245523 
090 |a 225188 
100 |a 20121107d2004 k y0rusy50 ca 
101 0 |a eng 
102 |a RU 
200 1 |a The personnel management priorities in a modern organization  |f O. Gorina, L. Gerasimenko 
320 |a Библиогр.: 3 назв. 
461 0 |0 (RuTPU)RU\TPU\book\82991  |t Энергия молодых - экономике России  |o труды V Всероссийской научно-практической конференции студентов и молодых ученых, посвященной столетию экономического образования в Томском политехническом университете, Томск, 20-24 апреля 2004 г.  |o В 2 ч.  |f Томский политехнический университет; Вольное экономическое общество России; Энергия молодых - экономике России. Всероссийская научно-практическая конференция студентов и молодых ученых  |d 2004- 
463 0 |0 (RuTPU)RU\TPU\book\82863  |t Ч. 2  |v С. 310-312  |d 2004 
610 1 |a персонал 
610 1 |a современные проблемы 
610 1 |a организации 
610 1 |a управление 
610 1 |a приоритетные направления 
610 1 |a труды учёных ТПУ 
700 1 |a Gorina  |b O. 
701 1 |a Gerasimenko  |b L. 
801 1 |a RU  |b 63413507  |c 20121107 
801 2 |a RU  |b 63413507  |c 20161007  |g RCR 
942 |c BK